| 000 | 00669nam a22002057a 4500 | ||
|---|---|---|---|
| 005 | 20240619120553.0 | ||
| 010 | _aENG-117855 | ||
| 020 |
_a9789382169413 _c175.00 |
||
| 035 | _aEN-101387 | ||
| 037 | _bDBAD/PUB | ||
| 082 | _a363.73874 | ||
| 100 |
_aGautam, P K _967582 |
||
| 245 |
_aCurrent issues in climate change / _cby P.K. Gautam |
||
| 260 |
_aNew Delhi _bInstitute for Defence Studies and Analysis _c2014 |
||
| 270 |
_aN0-1 Development Enclave,Rao Tula Ram Marg,Delhi Cantt _bNew Delhi _e110010 |
||
| 300 |
_a94p. _c21cm (pbk) |
||
| 490 | _aIDSA Occasional Paper N0-34 | ||
| 700 |
_aGautam, P K _967582 |
||
| 942 |
_2ddc _cEN _h363.73874 _mGAU |
||
| 999 |
_c139014 _d139014 |
||